Industrial hygiene aspects of plant operations. V 2. Unit operations and product fabrication (Record no. 38478)

MARC details
000 -LEADER
fixed length control field 00410nam a2200133Ia 4500
082 ## - DEWEY DECIMAL CLASSIFICATION NUMBER
Classification number 613.6
Item number CRA.2
100 ## - MAIN ENTRY--AUTHOR NAME
Personal name Cralley, Laster V
245 #0 - TITLE STATEMENT
Title Industrial hygiene aspects of plant operations. V 2. Unit operations and product fabrication
260 ## - PUBLICATION, DISTRIBUTION, ETC. (IMPRINT)
Place of publication New York
Name of publisher Macmillan
Year of publication 1984
650 ## - SUBJECT ADDED ENTRY--TOPICAL TERM
Topical Term Industrial hygiene
700 ## - ADDED ENTRY--PERSONAL NAME
Personal name Cralley, Lewis J
942 ## - ADDED ENTRY ELEMENTS (KOHA)
Koha item type Books
Holdings
Withdrawn status Lost status Damaged status Not for loan Home library Current library Date acquired Cost, normal purchase price Full call number Accession Number Koha item type
        RRII Library RRII Library 16/12/2021 65.00 613.6 CRA.2 18835 Books